[Event "Mittelfrank Regionalliga Sud-West 2223"]
[Site "Mittelfranken"]
[Date "2023.03.05"]
[Round "7.4"]
[White "Stiefel, Roland"]
[Black "Giss, Arthur"]
[Result "1/2-1/2"]
[WhiteElo "1967"]
[BlackElo "2039"]
[PlyCount "85"]
[EventDate "2022.10.09"]
[EventType "team-tourn"]
[EventRounds "9"]
[EventCountry "GER"]
[SourceTitle "EXT 2024"]
[Source "ChessBase"]
[SourceDate "2023.10.10"]
[SourceVersion "1"]
[SourceVersionDate "2023.10.10"]
[SourceQuality "1"]
[WhiteTeam "Sendling"]
[BlackTeam "Dillingen"]
[WhiteTeamCountry "GER"]
[BlackTeamCountry "GER"]

1. d4 Nf6 2. Nf3 e6 3. e3 b6 4. Bd3 Bb7 5. 0-0 Be7 6. Nbd2 d5 7. Qe2 Nbd7 8. e4 dxe4 9. Nxe4 Nxe4 10. Bxe4 Bxe4 11. Qxe4 0-0 12. c4 c5 13. Rd1 cxd4 14. Nxd4 Nc5 15. Qe2 Qc7 16. b4 Nb7 17. Ba3 Bf6 18. Rac1 Rfd8 19. Nb3 Bg5 20. Rb1 Rac8 21. Qg4 h6 22. h4 Bf6 23. Rxd8+ Rxd8 24. c5 bxc5 25. bxc5 Qc6 26. Rc1 Rd5 27. Qb4 Rd7 28. g3 Kh7 29. Qc4 a5 30. Qc2+ g6 31. Nd2 Bd4 32. h5 f5 33. hxg6+ Kxg6 34. Nb3 Bf6 35. Qe2 a4 36. Nd2 e5 37. Nc4 e4 38. Ne3 Rd3 39. Bb4 Bd4 40. Ng2 Rxg3 41. Qc4 Rg4 42. Qg8+ Kf6 43. Qh8+ 1/2-1/2

[Event "Mittelfrank Regionalliga Sud-West 2223"]
[Site "Mittelfranken"]
[Date "2023.01.15"]
[Round "5.5"]
[White "Jankowski, Moritz"]
[Black "Stiefel, Roland"]
[Result "1-0"]
[WhiteElo "1945"]
[BlackElo "1967"]
[PlyCount "109"]
[EventDate "2022.10.09"]
[EventType "team-tourn"]
[EventRounds "9"]
[EventCountry "GER"]
[SourceTitle "EXT 2024"]
[Source "ChessBase"]
[SourceDate "2023.10.10"]
[SourceVersion "1"]
[SourceVersionDate "2023.10.10"]
[SourceQuality "1"]
[WhiteTeam "Marktoberdorf"]
[BlackTeam "Sendling"]
[WhiteTeamCountry "GER"]
[BlackTeamCountry "GER"]

1. e4 c5 2. d4 cxd4 3. c3 dxc3 4. Nxc3 a6 5. Bc4 e6 6. Nf3 Nc6 7. 0-0 d6 8. Qe2 Be7 9. Rd1 Qc7 10. Be3 Bd7 11. Rac1 Qa5 12. Bf4 Ne5 13. Nxe5 dxe5 14. Bd2 Qb6 15. Be3 Qa5 16. Qg4 Nf6 17. Qxg7 Rg8 18. Qh6 Rg6 19. Qh3 Rd8 20. Bd2 Qc7 21. Bb3 Bc6 22. Qf3 Rd7 23. Be3 Rxd1+ 24. Qxd1 Qd7 25. Qc2 Bb4 26. Rd1 Qe7 27. f3 Nh5 28. Ba4 Nf4 29. Bxc6+ bxc6 30. g3 Kf8 31. Kh1 Nh5 32. Qd3 Kg7 33. Qxa6 Qf6 34. Kg2 Bxc3 35. bxc3 Qh4 36. Bf2 Qf6 37. Qxc6 Nf4+ 38. Kf1 Nh3 39. Ke2 Rh6 40. Rf1 Ng5 41. Bg1 Qd8 42. h4 Nh3 43. Bb6 Qe7 44. Qc5 Qe8 45. Qxe5+ Kg8 46. Rd1 f6 47. Qc5 Rh5 48. Qd4 Rb5 49. c4 e5 50. Qd8 Rb2+ 51. Rd2 Ng1+ 52. Kf1 Rb1+ 53. Kg2 Kf8 54. Qxe8+ Kxe8 55. Bxg1 1-0

[Event "Mittelfrank Regionalliga Sud-West 2223"]
[Site "Mittelfranken"]
[Date "2022.12.11"]
[Round "4.4"]
[White "Bohnhoff, Peter"]
[Black "Stiefel, Roland"]
[Result "1/2-1/2"]
[WhiteElo "2010"]
[BlackElo "1967"]
[PlyCount "49"]
[EventDate "2022.10.09"]
[EventType "team-tourn"]
[EventRounds "9"]
[EventCountry "GER"]
[SourceTitle "EXT 2024"]
[Source "ChessBase"]
[SourceDate "2023.10.10"]
[SourceVersion "1"]
[SourceVersionDate "2023.10.10"]
[SourceQuality "1"]
[WhiteTeam "Altstadt Roter Turm"]
[BlackTeam "Sendling"]
[WhiteTeamCountry "GER"]
[BlackTeamCountry "GER"]

1. Nf3 c5 2. c4 e6 3. e3 Nf6 4. Nc3 d6 5. d4 b6 6. Be2 Bb7 7. d5 e5 8. e4 Be7 9. h3 Na6 10. a3 Nc7 11. b4 0-0 12. 0-0 Nd7 13. Ne1 cxb4 14. axb4 a5 15. bxa5 bxa5 16. Na4 Na6 17. Nd3 Qc7 18. Be3 Rfb8 19. Qd2 Bc8 20. f4 Bf6 21. fxe5 Nxe5 22. Nxe5 Bxe5 23. Bd4 Bxd4+ 24. Qxd4 Rb4 25. Ra2 1/2-1/2

[Event "Mittelfrank Regionalliga Sud-West 2122"]
[Site "Mittelfranken"]
[Date "2021.11.14"]
[Round "2.6"]
[White "Stiefel, Roland"]
[Black "Rabenstein, Winfried"]
[Result "1/2-1/2"]
[WhiteElo "1993"]
[BlackElo "2011"]
[PlyCount "47"]
[EventDate "2021.10.24"]
[EventType "team-tourn"]
[EventRounds "9"]
[EventCountry "GER"]
[SourceTitle "EXT 2024"]
[Source "ChessBase"]
[SourceDate "2023.10.10"]
[SourceVersion "1"]
[SourceVersionDate "2023.10.10"]
[SourceQuality "1"]
[WhiteTeam "Sendling"]
[BlackTeam "Haar"]
[WhiteTeamCountry "GER"]
[BlackTeamCountry "GER"]

1. d4 Nf6 2. Bg5 e6 3. e4 h6 4. Bxf6 Qxf6 5. Nf3 d6 6. Nc3 g6 7. Bb5+ Nd7 8. 0-0 Bg7 9. Re1 0-0 10. e5 Qe7 11. exd6 Qxd6 12. Qd2 c6 13. Bc4 b6 14. Ne4 Qc7 15. Bb3 Bb7 16. c4 Rad8 17. Qe2 c5 18. Rad1 cxd4 19. Nxd4 Bxe4 20. Qxe4 Nc5 21. Qe3 Rxd4 22. Rxd4 Bxd4 23. Qxd4 Nxb3 24. axb3 1/2-1/2

[Event "Regionalliga Sued-West 1819"]
[Site "Bayern"]
[Date "2019.03.24"]
[Round "8.5"]
[White "Tebelmann, Lars"]
[Black "Stiefel, Roland"]
[Result "1-0"]
[WhiteElo "2032"]
[BlackElo "1963"]
[PlyCount "73"]
[EventDate "2018.10.21"]
[EventType "team-tourn"]
[EventRounds "9"]
[EventCountry "GER"]
[SourceTitle "EXT 2022"]
[Source "ChessBase"]
[SourceDate "2021.10.06"]
[SourceVersion "1"]
[SourceVersionDate "2021.10.06"]
[SourceQuality "1"]
[WhiteTeam "Zugzwang MSA II"]
[BlackTeam "Sendling SC"]
[WhiteTeamCountry "GER"]
[BlackTeamCountry "GER"]

1. Nf3 c5 2. c4 Nf6 3. Nc3 e6 4. g3 b6 5. Bg2 Bb7 6. 0-0 a6 7. Qa4 Bc6 8. Qb3 d6 9. Rd1 Nbd7 10. d4 Rb8 11. d5 exd5 12. cxd5 Bb7 13. a4 Be7 14. Nd2 0-0 15. Nc4 Ne8 16. Bf4 Bc8 17. Ne4 Ndf6 18. Nxc5 Nh5 19. Nd3 Nxf4 20. Nxf4 b5 21. Nd2 Bd7 22. a5 Rc8 23. Nd3 Bf5 24. e4 Bg4 25. f3 Bd7 26. f4 Qc7 27. Rdc1 Qa7+ 28. Kh1 Nf6 29. h3 Qe3 30. Nf1 Qd4 31. Re1 Bd8 32. e5 dxe5 33. fxe5 Qc4 34. Qxc4 bxc4 35. Nb4 Nh5 36. e6 Be7 37. exd7 1-0

[Event "Regionalliga Sued-West 1819"]
[Site "Bayern"]
[Date "2018.10.21"]
[Round "1.6"]
[White "Braun, Thomas1111"]
[Black "Stiefel, Roland"]
[Result "1-0"]
[WhiteElo "2062"]
[BlackElo "1963"]
[PlyCount "121"]
[EventDate "2018.10.21"]
[EventType "team-tourn"]
[EventRounds "9"]
[EventCountry "GER"]
[SourceTitle "EXT 2022"]
[Source "ChessBase"]
[SourceDate "2021.10.06"]
[SourceVersion "1"]
[SourceVersionDate "2021.10.06"]
[SourceQuality "1"]
[WhiteTeam "Muenchen Bayern III"]
[BlackTeam "Sendling SC"]
[WhiteTeamCountry "GER"]
[BlackTeamCountry "GER"]

1. d4 c5 2. d5 d6 3. e4 g6 4. Nf3 Bg7 5. Be2 Nf6 6. Nc3 0-0 7. 0-0 Nbd7 8. h3 a6 9. a4 b6 10. Bf4 Ne8 11. Bg3 Bb7 12. Re1 Nc7 13. Rb1 Nf6 14. Bc4 Rb8 15. Qe2 h6 16. Rbd1 Nfe8 17. e5 f5 18. exf6 Bxf6 19. Qe4 Kf7 20. Qf4 Kg7 21. Qg4 Bc8 22. Qe4 Bf5 23. Qe2 b5 24. axb5 axb5 25. Bd3 b4 26. Bxf5 bxc3 27. Bd3 Rg8 28. bxc3 Kf8 29. c4 Qd7 30. Nh4 Bxh4 31. Bxh4 Nf6 32. Qf3 Kf7 33. Re2 Rbe8 34. Rde1 Rg7 35. Re6 g5 36. Bf5 Qd8 37. Bg3 Nxe6 38. Bxe6+ Kf8 39. Ra1 Qb6 40. Kh2 Rd8 41. Ra3 Qb2 42. Ra7 Ke8 43. c3 Qc1 44. Ra6 Qe1 45. Rxd6 Rxd6 46. Bxd6 h5 47. Bxc5 Qe5+ 48. g3 g4 49. Qe3 Qxe3 50. Bxe3 gxh3 51. Kxh3 Ne4 52. c5 Ng5+ 53. Bxg5 Rxg5 54. f4 Rg7 55. c4 Kd8 56. Kh4 Kc7 57. Bf5 Rg8 58. Be4 Rg4+ 59. Kh3 Rg7 60. Bf3 Rh7 61. Kh4 1-0

[Event "Oberliga Ost-B 1516"]
[Site "Germany"]
[Date "2016.04.10"]
[Round "11.7"]
[White "Stiefel, Roland"]
[Black "Voropaev, Gleb"]
[Result "0-1"]
[WhiteElo "2028"]
[BlackElo "2245"]
[PlyCount "84"]
[EventDate "2015.09.20"]
[EventType "team-tourn"]
[EventRounds "11"]
[EventCountry "GER"]
[SourceTitle "EXT 2017"]
[Source "ChessBase"]
[SourceDate "2016.10.25"]
[SourceVersion "1"]
[SourceVersionDate "2016.10.25"]
[SourceQuality "1"]
[WhiteTeam "Weimar"]
[BlackTeam "Heusenstamm"]
[WhiteTeamCountry "GER"]
[BlackTeamCountry "GER"]

1. d4 Nf6 2. Nf3 g6 3. e3 Bg7 4. Bd3 0-0 5. 0-0 d6 6. b3 e5 7. dxe5 Ng4 8. Bb2 Nc6 9. Nbd2 Ngxe5 10. Nxe5 Nxe5 11. Be2 Nf3+ 12. Bxf3 Bxb2 13. Rb1 Bg7 14. Nc4 Qf6 15. Bg4 Bxg4 16. Qxg4 d5 17. Nb2 Rfd8 18. Qb4 b6 19. Nd3 c5 20. Qe1 Qc6 21. Rd1 b5 22. Qa5 Qb6 23. Qa3 c4 24. Nf4 d4 25. exd4 Bxd4 26. Nh3 cxb3 27. cxb3 Rd7 28. Qc1 Rad8 29. Qc2 Qc5 30. Rc1 Qb6 31. Qe4 Bc5 32. b4 Bf8 33. Rc6 Qd4 34. Qf3 Qxb4 35. Ng5 Qa3 36. Qf4 Qxa2 37. Qh4 h6 38. Ne4 Bg7 39. Nc5 Rd1 40. g3 Qe2 41. Rxd1 Rxd1+ 42. Kg2 Qf1+ 0-1

[Event "Oberliga Ost-B 1516"]
[Site "Germany"]
[Date "2016.01.16"]
[Round "6.7"]
[White "Stiefel, Roland"]
[Black "Sieber, Stephan"]
[Result "0-1"]
[WhiteElo "2028"]
[BlackElo "2203"]
[PlyCount "96"]
[EventDate "2015.09.20"]
[EventType "team-tourn"]
[EventRounds "11"]
[EventCountry "GER"]
[SourceTitle "EXT 2017"]
[Source "ChessBase"]
[SourceDate "2016.10.25"]
[SourceVersion "1"]
[SourceVersionDate "2016.10.25"]
[SourceQuality "1"]
[WhiteTeam "Weimar"]
[BlackTeam "Erfurt Empor"]
[WhiteTeamCountry "GER"]
[BlackTeamCountry "GER"]

1. d4 f5 2. Nf3 g6 3. Bf4 Bg7 4. e3 d6 5. c3 c6 6. Nbd2 Nh6 7. Qb3 Nf7 8. Bc4 d5 9. Be2 Nd7 10. h4 h6 11. c4 e6 12. Qc2 Qf6 13. 0-0-0 0-0 14. Rdg1 e5 15. Bg3 e4 16. Ne1 c5 17. Nb3 b6 18. Kb1 cxd4 19. Nxd4 Bb7 20. Qd2 Rac8 21. Bf4 Nde5 22. g4 fxg4 23. Bxg4 Rxc4 24. Be6 Kh7 25. Bxf7 Nxf7 26. Nec2 Ne5 27. Na3 Rcc8 28. h5 g5 29. Bxe5 Qxe5 30. Nab5 Ba6 31. Nc3 Bd3+ 32. Ka1 Rc5 33. f4 gxf4 34. Rxg7+ Kxg7 35. Qg2+ Kh8 36. Qg6 Qf6 37. exf4 Qxf4 38. a3 Qf6 39. Ne6 Qxg6 40. hxg6 Rf1+ 41. Rxf1 Bxf1 42. Nxc5 bxc5 43. Nxd5 h5 44. Kb1 h4 45. Ne3 Bd3+ 46. Kc1 h3 47. Ng4 Be2 48. Nh2 e3 0-1

[Event "Oberliga Ost-B 1516"]
[Site "Germany"]
[Date "2015.11.15"]
[Round "4.7"]
[White "Foermes, Alexander"]
[Black "Stiefel, Roland"]
[Result "1-0"]
[WhiteElo "2018"]
[BlackElo "2028"]
[PlyCount "101"]
[EventDate "2015.09.20"]
[EventType "team-tourn"]
[EventRounds "11"]
[EventCountry "GER"]
[SourceTitle "EXT 2017"]
[Source "ChessBase"]
[SourceDate "2016.10.25"]
[SourceVersion "1"]
[SourceVersionDate "2016.10.25"]
[SourceQuality "1"]
[WhiteTeam "Marburg"]
[BlackTeam "Weimar"]
[WhiteTeamCountry "GER"]
[BlackTeamCountry "GER"]

1. c4 c5 2. g3 Nf6 3. Bg2 e6 4. Nf3 Be7 5. Nc3 d6 6. 0-0 a6 7. b3 Nbd7 8. d4 cxd4 9. Nxd4 0-0 10. e4 Qc7 11. Be3 Rb8 12. a4 b6 13. f4 Bb7 14. Re1 Nc5 15. Bf2 Rfd8 16. Ra2 h5 17. h3 g6 18. Qb1 Bf8 19. Rd2 Bh6 20. Rdd1 h4 21. f5 gxf5 22. exf5 Bxg2 23. Kxg2 Qb7+ 24. Nf3 Nh5 25. fxe6 hxg3 26. e7 Re8 27. Bxg3 Nxg3 28. Kxg3 Rxe7 29. Nd5 Re6 30. Nd4 Rg6+ 31. Kh2 Bg5 32. Qf5 Qd7 33. Qxd7 Nxd7 34. Nc6 Rf8 35. Nce7+ Kg7 36. Nxg6 fxg6 37. Rf1 Re8 38. Rde1 Ne5 39. Kg2 Rb8 40. Nc7 Nd3 41. Re8 Rxe8 42. Nxe8+ Kh6 43. Nxd6 Be7 44. Ne4 Ne5 45. Nf6 Kg7 46. Nd5 Bc5 47. Re1 Nf7 48. Re8 Nd6 49. Rb8 b5 50. axb5 axb5 51. Nc7 1-0

[Event "Maastricht Limburg op-A 9th"]
[Site "Maastricht"]
[Date "2015.05.23"]
[Round "2"]
[White "Stiefel, Roland"]
[Black "Van Veen, Oscar"]
[Result "1-0"]
[WhiteElo "2019"]
[BlackElo "2265"]
[PlyCount "83"]
[EventDate "2015.05.22"]
[EventType "swiss"]
[EventRounds "7"]
[EventCountry "NED"]
[SourceTitle "CBM 166 Extra"]
[Source "ChessBase"]
[SourceDate "2015.06.18"]
[SourceVersion "1"]
[SourceVersionDate "2015.06.18"]
[SourceQuality "1"]

1. d4 d5 2. Nf3 Nf6 3. e3 e6 4. Bd3 c5 5. b3 Nc6 6. 0-0 Bd6 7. Bb2 0-0 8. Nbd2 cxd4 9. exd4 b6 10. a3 Bb7 11. Ne5 Rc8 12. f4 Ne7 13. Qe2 Rc7 14. Rae1 Qc8 15. c4 a5 16. g4 g6 17. h4 Ba8 18. Kh2 h5 19. gxh5 Nxh5 20. Qg4 Nf5 21. Rg1 Nfg7 22. Ref1 a4 23. c5 bxc5 24. dxc5 Rxc5 25. Bd4 axb3 26. Nxg6 fxg6 27. Qxg6 Rxf4 28. Qh7+ Kf8 29. Bxg7+ Nxg7 30. Qxg7+ Ke8 31. Kh3 Rc3 32. Qg6+ Kd7 33. Qh7+ Kc6 34. Rxf4 Bxf4 35. Nb1 e5+ 36. Kg2 Qg4+ 37. Kf2 Be3+ 38. Kxe3 Qd4+ 39. Ke2 Rxd3 40. Rc1+ Rc3 41. Rxc3+ Qxc3 42. Nxc3 1-0

[Event "Oberliga Ost-B 1415"]
[Site "Germany"]
[Date "2014.10.19"]
[Round "3.6"]
[White "Buckan, Jens"]
[Black "Stiefel, Roland"]
[Result "1-0"]
[WhiteElo "2126"]
[BlackElo "2049"]
[PlyCount "73"]
[EventDate "2014.09.21"]
[EventType "team-tourn"]
[EventRounds "11"]
[EventCountry "GER"]
[SourceTitle "EXT 2016"]
[Source "ChessBase"]
[SourceDate "2015.10.08"]
[SourceVersion "1"]
[SourceVersionDate "2015.10.08"]
[SourceQuality "1"]
[WhiteTeam "Erfurt Empor"]
[BlackTeam "Weimar Vimaria"]
[WhiteTeamCountry "GER"]
[BlackTeamCountry "GER"]

1. e4 c5 2. Nf3 a6 3. c4 Qc7 4. d4 cxd4 5. Nxd4 Nf6 6. Nc3 e6 7. Bd3 d6 8. 0-0 Nbd7 9. Qe1 Be7 10. b3 b6 11. Bb2 Bb7 12. Rd1 0-0 13. Bb1 Rad8 14. Kh1 Rfe8 15. f4 Qc5 16. Rf3 Ng4 17. h3 Qh5 18. Kg1 Ngf6 19. f5 Ne5 20. Rg3 Bf8 21. Bc1 h6 22. Nce2 Kh8 23. Nf4 Qh4 24. fxe6 fxe6 25. Ndxe6 Rd7 26. Bb2 g5 27. Nxf8 Rxf8 28. Bxe5 Kg8 29. Ng6 Qh5 30. Nxf8 Rf7 31. Rxd6 Ne8 32. Rxb6 Kxf8 33. Qb4+ Kg8 34. Qd2 Bc8 35. Bc3 Rd7 36. Rd3 Rf7 37. Rd8 1-0

[Event "Arco op 36th"]
[Site "Arco"]
[Date "2014.10.12"]
[Round "9"]
[White "Medancic, Rikard"]
[Black "Stiefel, Roland"]
[Result "1-0"]
[WhiteElo "2202"]
[BlackElo "2037"]
[PlyCount "67"]
[EventDate "2014.10.04"]
[EventType "swiss"]
[EventRounds "9"]
[EventCountry "ITA"]
[SourceTitle "CBM 162 Extra"]
[Source "ChessBase"]
[SourceDate "2014.10.17"]
[SourceVersion "1"]
[SourceVersionDate "2014.10.17"]
[SourceQuality "1"]

1. d4 c5 2. d5 d6 3. g3 g6 4. Bg2 Bg7 5. c4 Na6 6. Nc3 Nc7 7. Nf3 a6 8. a4 b6 9. 0-0 Rb8 10. e4 e5 11. dxe6 Nxe6 12. Qd3 Ne7 13. Rd1 Nc6 14. Qxd6 Qxd6 15. Rxd6 Na5 16. Bf1 Ke7 17. Rxb6 Rxb6 18. Nd5+ Kd6 19. Nxb6 Nb3 20. Rb1 Bb7 21. Nd5 Ned4 22. Bf4+ Kd7 23. Nxd4 cxd4 24. f3 Bc6 25. Rd1 Nc5 26. b4 Nxa4 27. Ra1 Kd8 28. b5 axb5 29. cxb5 Bxd5 30. Rxa4 Bb3 31. Rb4 Bc2 32. b6 g5 33. Bxg5+ Kd7 34. Bf4 1-0

[Event "Arco op 36th"]
[Site "Arco"]
[Date "2014.10.11"]
[Round "8"]
[White "Stiefel, Roland"]
[Black "Krauss, Josef"]
[Result "1/2-1/2"]
[WhiteElo "2037"]
[BlackElo "2158"]
[PlyCount "63"]
[EventDate "2014.10.04"]
[EventType "swiss"]
[EventRounds "9"]
[EventCountry "ITA"]
[SourceTitle "CBM 162 Extra"]
[Source "ChessBase"]
[SourceDate "2014.10.17"]
[SourceVersion "1"]
[SourceVersionDate "2014.10.17"]
[SourceQuality "1"]

1. d4 d5 2. Nf3 Nf6 3. c4 c6 4. Nc3 a6 5. a4 e6 6. e3 c5 7. Be2 Nc6 8. 0-0 Bd6 9. Re1 0-0 10. g3 b6 11. dxc5 Bxc5 12. cxd5 exd5 13. b3 d4 14. exd4 Nxd4 15. Nxd4 Bxd4 16. Bb2 Be6 17. Rc1 b5 18. Ba3 b4 19. Bxb4 Bxf2+ 20. Kxf2 Qb6+ 21. Kg2 Qxb4 22. Bc4 Bxc4 23. bxc4 Rad8 24. Nd5 Qb7 25. Re5 Rfe8 26. Rxe8+ Rxe8 27. Rc2 Qc6 28. Rf2 Qxc4 29. Rxf6 gxf6 30. Nxf6+ Kh8 31. Nxe8 Qe4+ 32. Qf3 1/2-1/2

[Event "Arco op 36th"]
[Site "Arco"]
[Date "2014.10.07"]
[Round "4"]
[White "Stiefel, Roland"]
[Black "Sprotte, Norbert"]
[Result "1/2-1/2"]
[WhiteElo "2037"]
[BlackElo "2186"]
[PlyCount "80"]
[EventDate "2014.10.04"]
[EventType "swiss"]
[EventRounds "9"]
[EventCountry "ITA"]
[SourceTitle "CBM 162 Extra"]
[Source "ChessBase"]
[SourceDate "2014.10.17"]
[SourceVersion "1"]
[SourceVersionDate "2014.10.17"]
[SourceQuality "1"]

1. d4 Nf6 2. Nf3 c5 3. c3 Qb6 4. e3 d6 5. Bd3 g6 6. 0-0 Bg7 7. Nbd2 0-0 8. Qe2 Nc6 9. Nc4 Qc7 10. e4 cxd4 11. cxd4 d5 12. exd5 Nxd5 13. Be4 Rd8 14. Be3 Nf6 15. Bxc6 Qxc6 16. Nce5 Qd6 17. Ng5 Be6 18. Qb5 Bd5 19. Rac1 a6 20. Qa5 Nd7 21. Nd3 Bc6 22. Nb4 Bb5 23. Rfe1 Rdc8 24. Qa3 Nf6 25. Qb3 e6 26. a4 a5 27. Rc5 Bd7 28. Nd3 h6 29. Bf4 Qa6 30. Nf3 Nd5 31. Be5 b6 32. Rxc8+ Rxc8 33. Bxg7 Kxg7 34. Nde5 Be8 35. Nd2 b5 36. Ne4 bxa4 37. Qg3 Qe2 38. Nd3 Qc2 39. Nec5 Qd2 40. Qe5+ Kh7 1/2-1/2

[Event "Friedrichroda op 18th"]
[Site "Friedrichroda"]
[Date "2014.08.16"]
[Round "5"]
[White "Just, Gabriele"]
[Black "Stiefel, Roland"]
[Result "1/2-1/2"]
[WhiteElo "1909"]
[BlackElo "2049"]
[PlyCount "38"]
[EventDate "2014.08.13"]
[EventType "swiss"]
[EventRounds "7"]
[EventCountry "GER"]
[SourceTitle "CBM 162 Extra"]
[Source "ChessBase"]
[SourceDate "2014.10.17"]
[SourceVersion "1"]
[SourceVersionDate "2014.10.17"]
[SourceQuality "1"]

1. f4 c5 2. Nf3 Nf6 3. e3 e6 4. Be2 Be7 5. d3 Nc6 6. 0-0 0-0 7. Qe1 d5 8. Nbd2 Qc7 9. Qg3 d4 10. Ne5 dxe3 11. Nxc6 Qxc6 12. Nc4 Nd5 13. Bxe3 Qc7 14. Kh1 b5 15. Ne5 Nxe3 16. Qxe3 Bb7 17. Bf3 Rad8 18. Be4 Bxe4 19. Qxe4 g6 1/2-1/2

[Event "Kesarovski Georgiev Memorial-B 12th"]
[Site "Sunny Beach"]
[Date "2013.09.07"]
[Round "8"]
[White "Mitev, Miroslav"]
[Black "Stiefel, Roland"]
[Result "1/2-1/2"]
[WhiteElo "1844"]
[BlackElo "2066"]
[PlyCount "21"]
[EventDate "2013.08.31"]
[EventType "swiss"]
[EventRounds "9"]
[EventCountry "BUL"]
[SourceTitle "CBM 156 Extra"]
[Source "ChessBase"]
[SourceDate "2013.10.22"]
[SourceVersion "1"]
[SourceVersionDate "2013.10.22"]
[SourceQuality "1"]

1. d4 c5 2. d5 d6 3. Nc3 Nf6 4. e4 g6 5. Nf3 Bg7 6. h3 0-0 7. Bd3 Nbd7 8. 0-0 Ne8 9. Bd2 a6 10. a4 Nc7 11. Re1 1/2-1/2

[Event "Maastricht Limburg op-A 7th"]
[Site "Maastricht"]
[Date "2013.05.17"]
[Round "1"]
[White "Stiefel, Roland"]
[Black "Von Meijenfeldt, Bart"]
[Result "0-1"]
[WhiteElo "2061"]
[BlackElo "2167"]
[PlyCount "92"]
[EventDate "2013.05.17"]
[EventType "swiss"]
[EventRounds "7"]
[EventCountry "NED"]
[SourceTitle "EXT 2014"]
[Source "ChessBase"]
[SourceDate "2013.11.20"]
[SourceVersion "1"]
[SourceVersionDate "2013.11.20"]
[SourceQuality "1"]

1. d4 Nf6 2. Bf4 g6 3. e3 Bg7 4. Nf3 0-0 5. Be2 c5 6. c3 cxd4 7. exd4 d6 8. 0-0 Nbd7 9. Qb3 Qc7 10. Na3 a6 11. Nc4 b5 12. Ne3 e5 13. Bg3 Nh5 14. Nd5 Qb7 15. Bh4 Ndf6 16. Nxf6+ Nxf6 17. dxe5 dxe5 18. Qb4 Nd5 19. Qc5 Nf4 20. Rfe1 Bg4 21. Qe3 Bh6 22. Kf1 Nxg2 23. Qxh6 Nxh4 24. Qxh4 Bxf3 25. Bxf3 Qxf3 26. Kg1 Rfe8 27. Re3 Qf4 28. Qxf4 exf4 29. Rxe8+ Rxe8 30. Kg2 Re2 31. b4 Rc2 32. a4 bxa4 33. Rxa4 Rxc3 34. Rxa6 Kg7 35. Rd6 Rb3 36. Rd4 g5 37. Rd5 Kg6 38. b5 Kh5 39. h3 Kh4 40. Rf5 h5 41. f3 Rb2+ 42. Kf1 f6 43. Rxf6 Rxb5 44. Rh6 Kxh3 45. Rxh5+ Kg3 46. Ke2 Re5+ 0-1

[Event "Wiesbaden op 24th"]
[Site "Wiesbaden"]
[Date "2012.08.25"]
[Round "4"]
[White "Chandler, Patrick"]
[Black "Stiefel, Roland"]
[Result "1-0"]
[WhiteElo "2218"]
[BlackElo "2059"]
[PlyCount "115"]
[EventDate "2012.08.23"]
[EventType "swiss"]
[EventRounds "7"]
[EventCountry "GER"]
[SourceTitle "CBM 150 Extra"]
[Source "ChessBase"]
[SourceDate "2012.10.19"]
[SourceVersion "1"]
[SourceVersionDate "2012.10.19"]
[SourceQuality "1"]

1. e4 c5 2. Nf3 a6 3. c4 b6 4. Nc3 e6 5. g3 Bb7 6. Bg2 Be7 7. 0-0 d6 8. d4 Nd7 9. d5 e5 10. Ne1 Ngf6 11. f4 Qc7 12. Nd3 h5 13. h3 b5 14. fxe5 dxe5 15. b3 Nb6 16. Qc2 0-0 17. Nd1 Nfd7 18. Ne3 g6 19. Bd2 Qd6 20. Kh1 f6 21. g4 hxg4 22. Nxg4 Kh7 23. Ba5 Rf7 24. Qd2 Bf8 25. cxb5 Re8 26. bxa6 Bxa6 27. Rf2 f5 28. Bxb6 Qxb6 29. Nb2 Qd8 30. exf5 gxf5 31. Rxf5 Rxf5 32. Be4 Nf6 33. Bxf5+ Kh8 34. Rd1 Nxg4 35. hxg4 Qf6 36. Kg2 Bh6 37. Rh1 Kg7 38. Qc3 Bb7 39. Rd1 Bf4 40. Qxc5 Qh4 41. Qf2 Qh2+ 42. Kf1 Qh3+ 43. Qg2 Qc3 44. Nd3 Ba6 45. Qf2 Qa5 46. Qh4 Qxd5 47. Qh7+ Kf8 48. Be4 Qe6 49. Qf5+ Qxf5 50. gxf5 Rd8 51. Kg2 Rd4 52. Nf2 Rb4 53. Rd6 Be2 54. Bd3 Bh5 55. Bc4 Rb7 56. f6 Ke8 57. Nd3 Be2 58. f7+ 1-0

[Event "Leipzig VfB op 19th"]
[Site "Leipzig"]
[Date "2012.03.09"]
[Round "6"]
[White "Graf, Alexander"]
[Black "Stiefel, Roland"]
[Result "1-0"]
[WhiteElo "2620"]
[BlackElo "2062"]
[PlyCount "39"]
[EventDate "2012.03.06"]
[EventType "swiss"]
[EventRounds "9"]
[EventCountry "GER"]
[SourceTitle "CBM 147 Extra"]
[Source "ChessBase"]
[SourceDate "2012.04.24"]
[SourceVersion "1"]
[SourceVersionDate "2012.04.24"]
[SourceQuality "1"]

1. d4 c5 2. d5 Nf6 3. Nc3 g6 4. e4 d6 5. Bb5+ Bd7 6. a4 a6 7. Bc4 Bg7 8. h3 0-0 9. Nf3 e5 10. dxe6 Bxe6 11. Bxe6 fxe6 12. e5 Ne8 13. Be3 Nc6 14. exd6 Bxc3+ 15. bxc3 Qa5 16. 0-0 Qxc3 17. d7 Ng7 18. Qd6 Rf5 19. Rab1 Nd8 20. Qc7 1-0

[Event "Leipzig VfB op 19th"]
[Site "Leipzig"]
[Date "2012.03.08"]
[Round "4"]
[White "Bronn, Gottfried"]
[Black "Stiefel, Roland"]
[Result "0-1"]
[WhiteElo "1905"]
[BlackElo "2062"]
[PlyCount "86"]
[EventDate "2012.03.06"]
[EventType "swiss"]
[EventRounds "9"]
[EventCountry "GER"]
[SourceTitle "CBM 147 Extra"]
[Source "ChessBase"]
[SourceDate "2012.04.24"]
[SourceVersion "1"]
[SourceVersionDate "2012.04.24"]
[SourceQuality "1"]

1. d4 c5 2. Nf3 Nf6 3. g3 b6 4. Bg2 Bb7 5. 0-0 e6 6. c3 Be7 7. Nbd2 0-0 8. Re1 cxd4 9. cxd4 Na6 10. e4 Nb4 11. a3 Nd3 12. Re3 Nxf2 13. Qe2 N2g4 14. Rc3 Ne8 15. e5 f5 16. Nf1 Rc8 17. Bd2 Rxc3 18. Bxc3 Nh6 19. Ne1 Qa8 20. a4 Nc7 21. a5 b5 22. Rc1 Bxg2 23. Nxg2 Nf7 24. Nfe3 Qb7 25. b4 Ng5 26. Nf4 a6 27. h4 Ne4 28. Be1 g5 29. hxg5 Nxg5 30. d5 Nxd5 31. Nexd5 exd5 32. Qd3 Kh8 33. Nxd5 Bd8 34. Bd2 Ne6 35. Kf2 Bg5 36. Bxg5 Nxg5 37. Rc7 Qb8 38. Qc2 Ne6 39. Nf6 Qxc7 40. Qxf5 Rf7 41. Qh5 Qc2+ 42. Kg1 Qg6 43. Qf3 d6 0-1